Statistics for 4-Letter Long 1M Cities on the World Map

Click here to take the quiz!

General Stats

  • This quiz has been taken 494 times
  • The average score is 16 of 31

Answers on the Map

Answers color-coded by a green-red scale on the quiz's map according to % correct below.
Loading ...
 

Answer Stats

City% Correct
Lima
98%
Oslo
98%
Rome
96%
Kiev
95%
Lyon
90%
Baku
82%
Doha
81%
Lomé
75%
Xi'an
68%
Cali
67%
Kano
65%
Pune
59%
Cebu
58%
Agra
57%
Gaza
56%
Oran
55%
Omsk
48%
Perm
41%
Fez
40%
León
36%
Naha
32%
Wuxi
30%
Ufa
27%
Qom
24%
Zibo
24%
Cixi
19%
Fuji
16%
Aba
15%
Wuhu
13%
Kotā
11%
Yiwu
7%

Score Distribution

Percentile by Number Answered

Percent of People with Each Score

Your Score History

You have not taken this quiz